00621nam a2200181Ia 450000500170000000800410001704000180005804100080007608200240008410000250010824501200013325000380025326000530029130000200034465000280036465000240039265000230041620220315103501.0210716s2003 xx 000 0 und d cAIMIT LIBRARY aeng a382.1 CHEF24bCHEF aCherunilam, Francis. aBusiness environment and policy :b a book on strategic management corporate planning / cBy Francis Cherunilam .  a 4th ed.bFourth revised edition. aNew Delhi :bHimalaya Publishing House ,c2003 . a662 p.;b22 cm. aPatents and trade marks aIndustrial sickness aIndian company law